000 00408nam a22001457a 4500
999 _c7342
_d7340
005 20210904115348.0
008 200619b xxu||||| |||| 00| 0 eng d
082 _a345.4 LIC
110 _aALL INDIA REPORTER Pvt.Ltd.
_96212
245 _aTHE LABOUR AND INDUSTRIAL CASES ANNUAL INDEX [2014]
260 _aMUMBAI
_bALL INDIA REPORTER Pvt. Ltd.
_c2014
300 _a268p.
650 _aLAW
_95701
942 _cJRL